Statistiques concernant Lazio - Tous les joueurs de 2010 à 2023

Cliquez ici pour prendre le quiz!

Statistiques générales

  • Ce quiz a été pris 44 fois
    (31 depuis la dernière actualisation)
  • Le résultat moyen est 28 sur 139

Statistiques - réponses

SaisonsNationalitéJoueurNombre
De Matchs
Poste% Correct
2016 -ItalieCiro
Immobile
297A
100%
2015 -SerbieSergej
Milinkovic - Savic
341M
100%
2021 -EspagnePedro87A
81%
2021 -AlbanieElseid
Hysaj
81D
75%
2013 - 2018
2021 -
BrésilFelipe
Anderson
275A
75%
2011 - 2016AllemagneMiroslav
Klose
171A
75%
2017 -MonténégroAdam
Marusic
219D
69%
2019 - 2020
2021 - 2022
ItalieAndré
Anderson
11M
69%
2019 - 2021Pays - BasDjavan
Anderson
10D/M
69%
2016 -EspagneLuis
Alberto
263M
69%
2020 - 2022EspagnePepe
Reina
54G
63%
2010 - 2023RoumanieStefan
Radu
361D
63%
2016 - 2022AlbanieThomas
Strakosha
208G
63%
2014 - 2017
2018 -
ItalieDanilo
Cataldi
209M
56%
2017 - 2021ÉquateurFelipe
Caicedo
139A
56%
2018 - 2021ArgentineJoaquin
Correa
117A
56%
2017 - 2022ItalieLuiz
Felipe
144D
56%
2014 - 2021ItalieMarco
Parolo
265M
56%
2011 - 2021BosnieSenad
Lulic
371M
56%
2022 -ItalieAlessio
Romagnoli
42D
50%
2011 - 2018ItalieFederico
Marchetti
194G
50%
2013 - 2017SénégalKeita
Baldé
137A
50%
2017 - 2022BrésilLucas
Leiva
198M
50%
2019 -ItalieManuel
Lazzari
155D
50%
2022 -UruguayMatias
Vecino
44M
50%
2018 - 2022ItalieFrancesco
Acerbi
173D
44%
2022 -ItalieIvan
Provedel
45G
44%
2011 - 2016ItalieAntonio
Candreva
192A
38%
2016 - 2020AngolaBastos94D
38%
2021 -ItalieMattia
Zaccagni
81A
38%
2015 -EspagnePatric181D
38%
2014 - 2018Pays - BasStefan
De Vrij
118D
38%
2011 - 2012FranceDjibril
Cissé
27A
31%
2016 - 2020BelgiqueJordan
Lukaku
85D
31%
2013 - 2017ArgentineLucas
Biglia
133M
31%
2010 - 2016ItalieStefano
Mauri
147M
31%
2021 -CroatieToma
Basic
69M
31%
2016 - 2019BrésilWallace67D
31%
2015 - 2017Pays - BasWesley
Hoedt
87D
31%
2014 - 2019SerbieDusan
Basta
116D
25%
2013 - 2016AlbanieEtrit
Berisha
60G
25%
2017 - 2018PortugalNani25A
25%
2022 -ItalieNicolo
Casale
37D
25%
2010 - 2011SuisseStephan
Lichtsteiner
35D
25%
2018 - 2020KosovoValon
Berisha
22M
25%
2020 - 2022KosovoVedat
Muriqi
49A
25%
2020 - 2021BrésilAndreas
Pereira
33M
19%
2014 - 2018SerbieFilip
Djordjevic
77A
19%
2020 - 2022Cote D'ivoireJean - Daniel
Akpa Akpro
55M
19%
2011 - 2015AlbanieLorik
Cana
111D/M
19%
2021 - 2023ArgentineLuka
Romero
21A
19%
2022 -BrésilMarcos
Antonio
22M
19%
2022 -EspagneMario
Gila
12D
19%
2022 -ItalieMatteo
Cancellieri
30A
19%
2014 - 2016
2017 - 2018
BrésilMauricio56D
19%
2015 - 2016ItalieAlessandro
Matri
31A
13%
2010 - 2015UruguayAlvaro
Gonzalez
146M
13%
2010 - 2014BrésilHernanes156M
13%
2013 - 2014
2019 - 2020
CamerounJoseph
Minala
4M
13%
2022 -ItalieLuca
Pellegrini
8D
13%
2017 - 2019UruguayMartin
Caceres
18D
13%
2010 - 2011
2012 - 2013
ArgentineMauro
Zarate
43A
13%
2012 - 2015FranceMichael
Ciani
72D
13%
2018 - 2019CroatieMilan
Badelj
26M
13%
2020 - 2021AlgérieMohamed
Fares
29M
13%
2016 - 2017AllemagneMoritz
Leitner
2M
13%
2017 - 2019PortugalPedro
Neto
5A
13%
2019 - 2022EspagneRaul
Moro
20A
13%
2015 - 2017Pays - BasRicardo
Kishna
21A
13%
2011 - 2016FranceAbdoulay
Konko
126D
6%
2015 - 2019ItalieAlessandro
Murgia
49M
6%
2016 - 2017
2018 - 2019
ItalieAlessandro
Rossi
5A
6%
2017 - 2018ItalieAlessio
Miceli
2M
6%
2019 - 2020Pays - BasBobby
Adekanye
15A
6%
2017 - 2019PortugalBruno
Jordao
3M
6%
2015 - 2016AustralieChris
Ikonomidis
1A
6%
2010 - 2015ItalieCristian
Ledesma
185M
6%
2016 - 2017ItalieCristiano
Lombardi
19A
6%
2017 - 2018ItalieDavide
Di Gennaro
5M
6%
2019 - 2022SlovaquieDenis
Vavro
21D
6%
2010 - 2011UruguayFernando
Muslera
36G
6%
2016 - 2017CroatieFranjo
Prce
1D
6%
2016 - 2017ItalieGiorgio
Spizzichino
1D
6%
2018 - 2019ItalieGuido
Guerrieri
1G
6%
2016 - 2018CroatieIvan
Vargic
3G
6%
2019 - 2020EspagneJony32A
6%
2021 - 2022Cap - VertJovane
Cabral
4A
6%
2010 - 2013République
Tchèque
Libor
Kozak
77A
6%
2018 - 2019BrésilLuan
Capanni
1M
6%
2012 - 2014
2016 - 2017
ItalieLuca
Crecco
8M
6%
2019 - 2020ItalieLuca
Falbo
2D
6%
2022 -PortugalLuis
Maximiano
6G
6%
2010 - 2015BelgiqueLuis Pedro
Cavanda
80D
6%
2013 - 2015
2016 - 2017
SénégalMamadou
Tounkara
3A
6%
2020 -ItalieMarco
Bertini
2M
6%
2020 - 2021ArgentineMateo
Musacchio
5D
6%
2018 - 2021ItalieNicolò
Armini
4D
6%
2011 - 2016NigériaOgenyI
Onazi
110M
6%
2018 - 2019DanemarkRiza
Durmisi
19D
6%
2018 - 2019BrésilRomulo13M
6%
2018 - 2021BelgiqueSilvio
Proto
9G
6%
2017 - 2018ItalieSimone
Palombi
3A
6%
2010 - 2013ArgentineAlbano
Bizzarri
22G
0%
2010 - 2014BrésilAndré
Dias
119D
0%
2011 - 2013ItalieAntonio
Rozzi
8A
0%
2013 - 2015ColombieBrayan
Perea
33A
0%
2010 - 2013ItalieCristian
Brocchi
62M
0%
2013 - 2015ArgentineDiego
Novaretti
24D
0%
2021 - 2022SerbieDimitrije
Kamenovic
1D
0%
2012 - 2015BrésilEderson50M
0%
2014 - 2016Pays - BasEdson
Braafheid
23D
0%
2011 - 2012UruguayEmiliano
Alfaro
8A
0%
2011 - 2012ItalieEnrico
Zampa
4M
0%
2013 - 2014République
Démocratique
Du Congo
Gael
Kakuta
2M
0%
2010 - 2014ItalieGiuseppe
Biava
134D
0%
2010 - 2012ItalieGiuseppe
Sculli
31A
0%
2020 - 2022ArgentineGonzalo
Escalante
31M
0%
2010 - 2012ItalieGuglielmo
Stendardo
16D
0%
2013 - 2014PortugalHelder
Postiga
5A
0%
2010 - 2012EspagneJavier
Garrido
23D
0%
2011 - 2013ArgentineJuan Pablo
Carrizo
4G
0%
2010 - 2013ArgentineLionel
Scaloni
42D
0%
2012 - 2013FranceLouis
Saha
6A
0%
2011 - 2012ItalieLuciano
Zauri
13D
0%
2011 - 2013LituanieMarius
Stankevicius
16D
0%
2010 - 2011AustralieMark
Bresciano
23M
0%
2010 - 2012BrésilMatuzalem52M
0%
2015 - 2016SerbieMilan
Bisevac
15D
0%
2010 - 2013FranceModibo
Diakité
47D
0%
2010 - 2011ItaliePasquale
Foggia
11M
0%
2012 - 2015PortugalPereirinha27D/M/A
0%
2015 - 2016JamaiqueRavel
Morrison
8M
0%
2010 - 2011ItalieRiccardo
Perpetuini
1M
0%
2014 - 2016ArgentineSantiago
Gentiletti
33D
0%
2010 - 2011
2012 - 2014
ItalieSergio
Floccari
88A
0%
2010 - 2012ItalieSimone
Del Nero
8A
0%
2020 - 2021PologneSzymon
Czyz
1M
0%
2010 - 2011ItalieTommaso
Berni
5G
0%
2010 - 2013ItalieTommaso
Rocchi
51A
0%

Distribution des résultats

Percentile par nombre de réponses

% des personnes avec chaque résultat

Votre développement - résultats

Vous n’avez pas pris ce quiz depuis la dernière actualisation